Les prénoms les plus attribués dans les années 1910 - Statistiques

Statistiques générales
  • Ce quiz a été pris 1 526 fois
  • Le résultat moyen est 55 sur 100
Statistiques - réponses
Rang Prénom % Correct
2 Jean
98%
1 Marie
95%
18 Paul
93%
5 Pierre
90%
7 Louis
88%
3 Jeanne
85%
29 François
84%
49 Jacques
83%
26 Charles
79%
9 Henri
79%
77 Françoise
78%
10 Georges
78%
23 Louise
78%
4 André
76%
6 Marcel
76%
8 René
75%
41 Anne
73%
55 Lucie
73%
95 Paule
73%
12 Joseph
72%
19 Robert
71%
76 Yves
69%
81 Bernard
67%
57 Jules
67%
43 Léon
67%
28 Lucien
67%
59 Antoine
66%
88 Jacqueline
66%
36 Paulette
66%
25 Renée
66%
24 Albert
65%
31 Andrée
65%
70 Julien
65%
35 Georgette
63%
39 Henriette
63%
21 Marcelle
63%
16 Maurice
63%
22 Raymond
62%
79 Yvette
62%
51 Juliette
59%
14 Roger
59%
71 Victor
59%
90 Charlotte
58%
13 Marguerite
58%
11 Madeleine
57%
32 Denise
56%
30 Emile
56%
27 Lucienne
56%
15 Yvonne
56%
53 Joséphine
55%
33 Simone
54%
60 Thérèse
54%
45 Fernand
53%
34 Raymonde
53%
17 Suzanne
52%
52 Auguste
51%
48 Maria
51%
92 Elisabeth
50%
20 Germaine
50%
94 Catherine
49%
42 Hélène
49%
47 Fernande
48%
58 Camille
47%
37 Odette
47%
63 Gabriel
46%
72 Rose
45%
44 Alice
44%
50 Gaston
44%
64 Alfred
43%
66 Antoinette
43%
74 Elise
43%
68 Michèle
43%
84 Alphonse
41%
67 Anna
41%
78 Edouard
41%
99 Etienne
41%
91 Augustine
40%
87 Gilbert
40%
97 Léonie
40%
38 Marthe
40%
46 Eugène
39%
85 Armand
38%
61 Gabrielle
38%
54 Geneviève
37%
83 Cécile
36%
98 Gustave
36%
62 Eugénie
35%
75 Emilienne
34%
73 Ernest
33%
56 Berthe
32%
86 Edmond
31%
100 Blanche
29%
65 Marius
28%
40 Simonne
28%
80 Gilberte
25%
96 Adrienne
24%
69 Angèle
24%
89 Irène
23%
82 Solange
22%
93 Marie-Louise
19%
Aucun quiz correspondant
Distribution des résultats
% des personnes avec chaque résultat
Percentile par nombre de réponses
Votre historique - résultats
Vous n’avez pas pris ce quiz